000 00467nam a2200181Ia 4500
005 20240823043446.0
008 240823s9999||||xx |||||||||||||| ||und||
041 _aENGLISH
082 _A420 P2
100 _aAbraham Benjamin Samuel
245 0 _aPractical Communication Communicative English LSRW-2000
250 _a1st
260 _c2002
_b"Anuradha,Kumbakonam"
500 _aTRANSFERED
650 _aCommunication
_bEnglish
942 _cBK
999 _c210279
_d210279